00330nam a2200109Ia 4500008004100000082001800041100001900059245002000078260004100098630001800139650006300157211109s9999||||xx |||||||||||||| ||und|| a248.34bJOS-D aJoseph, Dr M J 0aDivya Parimalam bCurrent BooksaKottayam Bn 795c1978 xgeneral stack areligion vchristian experience,pratical and lifeGeneralia